Digest of international travel and tourism statistics 2005 [Republic of Mauritius]

Gespeichert in:
Bibliographische Detailangaben
Format: Buch
Sprache:Englisch
Veröffentlicht: Port Louis Central Statistics Office 2006
Schlagworte:
Tags: Tag hinzufügen
Keine Tags, Fügen Sie das erste Tag hinzu!

MARC

LEADER 00000nam$a2200000$$$4500
001 0060304
005 20240313134941.5
041 0 |a eng 
044 |a MU 
245 1 0 |a Digest of international travel and tourism statistics 2005  |b [Republic of Mauritius] 
264 1 |a Port Louis  |b Central Statistics Office  |c 2006 
300 |a 51 s. 
610 2 0 |a doprava medzinárodná 
610 2 0 |a turistika 
610 2 0 |a ruch cestovný 
610 2 0 |a hotely 
610 2 0 |a populácia 
610 2 0 |a Maurícius